LEADER 01077nam a2200229 4500 001 000000357062 003 CaOOAMICUS 005 20240205161738.0 008 240205s1927 it a 000 u ita r 040 $aSeMil$bita 245 00$aStudi clinici e sociali di tisiologia /$cper cura di G. Ronzoni in collaborazione con A. Bareggi... 264 1$aMilano :$bIstituto Editoriale Scientifico,$c1927. 300 $aVIII, 156 p. :$bill. ;$c26 cm 500 $aIn testa al front. : Istituto di tisiologia ; con 15 figure intercalate nel testo 650 4$aTisiologia.$0(OLS)http://semarc/subject/3906 700 1 $aRonzoni, Gaetano,$ecuratore.$0(OLS)http://semarc/name/61491 700 1 $aBareggi, Antonio,$ecuratore.$0(OLS)http://semarc/name/119105 850 $aSeMil 852 $aSeMil$W1$xVenegono$y1$m5C IV 10/9$j245884$B248244$CSeMilBibl$Z2$F248244 $81 996 $6245$aStudi clinici e sociali di tisiologia$9(OLS)http://semarc/title/33236 996 $6264$aMilano :$bIstituto Editoriale Scientifico$9(OLS)http://semarc/publisher/35759 LEADER 00937nam a2200229 4500 001 000000350147 003 CaOOAMICUS 005 20220429153234.0 008 220429s2021 it a 000 u ita r 020 $a978-88-922258-7-9 040 $aSeMil$bita 245 00$a1: Gli ostacoli. 264 1$aCinisello Balsamo :$bSan Paolo,$c2021. 300 $a172 p. :$bill. ;$c23 cm 773 0 $aDi Medio, Alessandro $tDiscernere da giovani.$dCinisello Balsamo : San Paolo, 2021.$kComunicazione/Studi$g1$w()350146 850 $aSeMil 852 $aSeMil$W1$xVenegono$y1$m2C IV 612$j233006$B241151$CSeMilBibl$Z2$F241151 $81 961 $aMortola don Martino - Omaggio 996 $6020$a978-88-922258-7-9$9(OLS)http://semarc/number/295785 996 $6245$a1: Gli ostacoli$9(OLS)http://semarc/title/439822 996 $6264$aCinisello Balsamo :$bSan Paolo$9(OLS)http://semarc/publisher/30129